2021 Financial Sector Assessment Program Review : Background Paper On Scope.

This background paper reviews the development of the scope of financial stability assessments under the FSAP since the 2014 FSAP Review. The paper summarizes past experiences of such adaptation and observed trends with respect to the coverage of specific topics and then discusses possible directions...

Fuld beskrivelse

Bibliografiske detaljer
Institution som forfatter: International Monetary Fund. Monetary and Capital Markets Department
Format: Tidsskrift
Sprog:English
Udgivet: Washington, D.C. : International Monetary Fund, 2021.
Serier:Policy Papers; Policy Paper ; No. 2021/043
Fag:
Online adgang:Full text available on IMF
LEADER 01887cas a2200277 a 4500
001 AALejournalIMF021821
008 230101c9999 xx r poo 0 0eng d
020 |c 5.00 USD 
020 |z 9781513583006 
022 |a 2663-3493 
040 |a BD-DhAAL  |c BD-DhAAL 
110 2 |a International Monetary Fund.  |b Monetary and Capital Markets Department. 
245 1 0 |a 2021 Financial Sector Assessment Program Review :   |b Background Paper On Scope. 
264 1 |a Washington, D.C. :  |b International Monetary Fund,  |c 2021. 
300 |a 1 online resource (40 pages) 
490 1 |a Policy Papers 
500 |a <strong>Off-Campus Access:</strong> No User ID or Password Required 
500 |a <strong>On-Campus Access:</strong> No User ID or Password Required 
506 |a Electronic access restricted to authorized BRAC University faculty, staff and students 
520 3 |a This background paper reviews the development of the scope of financial stability assessments under the FSAP since the 2014 FSAP Review. The paper summarizes past experiences of such adaptation and observed trends with respect to the coverage of specific topics and then discusses possible directions to adjust the scope of future FSAPs over the next five years given the likely changes in the financial stability landscape. The paper also discusses collaboration with the World Bank as it pertains to the scope of financial stability assessments. It does not examine issues such as analytical approaches, participation, and resources, which are covered elsewhere in the FSAP Review. 
538 |a Mode of access: Internet 
650 7 |a General Financial Markets  |2 imf 
650 7 |a Monetary Policy  |2 imf 
650 7 |a Political Economy  |2 imf 
830 0 |a Policy Papers; Policy Paper ;  |v No. 2021/043 
856 4 0 |z Full text available on IMF  |u http://elibrary.imf.org/view/journals/007/2021/043/007.2021.issue-043-en.xml  |z IMF e-Library